000 00682nam a2200253Ia 4500
003 OSt
005 20220918201254.0
006 a|||||r|||| 00| 0
007 ta
008 220917b |||||||| |||| 00| 0 eng d
024 _a92,781
037 _cTextual
040 _aARTS
_cARTS
_beng
041 _2eng
_aeng
082 _aV1:19:N5, J2;K0
100 _aFriedmann W
_997461
245 0 _aIntroduction to World politics
250 _a4th
260 _aLondon
_bMacmillan UK
_c1960
300 _a384p
_ccm.
650 _aWORLD HISTORY; INTERNATIONAL RELATIONS
_932690
942 _hV1:19:N5, J2;K0
_cTEXL
_2CC
999 _c216432
_d216432